00322pab a2200133 454500008004000000100001600040245004200056260000900098300001300107362001200120650001900132650001100151773002600162180718b2003 xxu||||| |||| 00| 0 eng d aSen, Sankar aIndian police - vision for the future c2003 ap.70-73. aApr-Jun aPolice - India aPolice aIndian Police Journal